Lyrics of Eminem: Unaccommodating - Statistics

General Stats
  • This quiz has been taken 21 times
  • The average score is 287 of 500
Answer Stats
Answer % Correct
a
93%
do
93%
do,
93%
he
93%
I
93%
K.
93%
know
93%
know)
93%
you
93%
you),
93%
you,
93%
don't
86%
go
86%
M.A
86%
me
86%
no
86%
the
86%
The
86%
to
86%
your
86%
an
79%
and
79%
And
79%
be
79%
in
79%
on
79%
On
79%
You're
79%
you're
79%
but
71%
But
71%
But,
71%
for
71%
(Fuck
71%
fuck
71%
Get
71%
get
71%
her
71%
is
71%
it
71%
it,
71%
like
71%
Like
71%
my
71%
then
71%
they
71%
They
71%
unaccommodating
71%
us
71%
(What?)
71%
what
71%
when
71%
Beat
64%
been?
64%
been
64%
Call
64%
call
64%
'cause
64%
'Cause
64%
crazy
64%
even
64%
Game
64%
game
64%
him
64%
how
64%
I'm
64%
just
64%
kill,
64%
kill
64%
of
64%
Of
64%
off
64%
shit
64%
up
64%
were
64%
who
64%
again
57%
again,
57%
at
57%
bet
57%
Dre
57%
(Dre
57%
gonna
57%
hate
57%
H-O's
57%
Man,
57%
more
57%
now
57%
over,
57%
Please,
57%
see
57%
Shady
57%
Slim,
57%
so
57%
That
57%
them
57%
these
57%
wanna
57%
with
57%
Ain't
50%
am
50%
Ariana
50%
back
50%
bitch
50%
Bitch,
50%
concert
50%
cornier
50%
feel
50%
got
50%
Grande
50%
John
50%
keep
50%
leave
50%
Look
50%
Marshall
50%
need
50%
not
50%
or
50%
Osama
50%
paint
50%
plum
50%
plumber,
50%
police
50%
pupils
50%
stop
50%
Stop
50%
Thanos
50%
Those
50%
three
50%
toes
50%
too
50%
want
50%
watch
50%
why
50%
y'all
50%
(Yeah)
50%
all
43%
Andre,
43%
are
43%
ask
43%
away"
43%
away
43%
baby
43%
bars,
43%
beefed
43%
Better
43%
better
43%
blow
43%
"Bombs
43%
boxing
43%
carnage
43%
clown
43%
come
43%
complete
43%
cutting
43%
Detox
43%
doctor's
43%
Each
43%
esophagus
43%
giving
43%
gym
43%
Kanye
43%
knocks
43%
laden
43%
lately
43%
liquid
43%
MGK?
43%
murder,
43%
officers
43%
operating
43%
opposite
43%
outside
43%
oxygen
43%
Pet
43%
petty
43%
plunger
43%
(Plunger)
43%
Poor
43%
pull
43%
put
43%
Real,
43%
real,
43%
remind
43%
retards
43%
Saddam
43%
shoot
43%
talking
43%
that's
43%
top
43%
two,
43%
waiting
43%
weak
43%
wind
43%
won't
43%
zero,
43%
zero
43%
anyone
36%
around
36%
behaving,
36%
bimbo
36%
block
36%
broke
36%
course
36%
dawg,
36%
days
36%
feed
36%
few
36%
finished
36%
from
36%
getting
36%
God
36%
gone
36%
head
36%
his
36%
hit
36%
Hussein,
36%
I'ma
36%
Indo
36%
it'll
36%
Lord
36%
met
36%
music,
36%
never
36%
Nintendo
36%
old
36%
one
36%
pads
36%
paper,
36%
pew,
36%
pew
36%
Pillow
36%
rolling
36%
seems
36%
shadow
36%
shut
36%
smoke
36%
Snoop,
36%
spit
36%
this
36%
thought'll
36%
through
36%
toxic,
36%
untrained
36%
upset
36%
views
36%
watching
36%
Wayne
36%
YouTube
36%
Beyonce
29%
blueprint
29%
blunt,
29%
born
29%
can
29%
cartridge
29%
check
29%
church
29%
cleansed
29%
comma,
29%
devil
29%
dusty
29%
eyeballs
29%
'fore
29%
forgives
29%
formula
29%
Gacy
29%
horns
29%
internet
29%
Jay-Z
29%
least
29%
lips
29%
Lucifer's
29%
mortal
29%
moving
29%
Notorious,
29%
popping
29%
Puba,
29%
Run
29%
school
29%
Showed
29%
silhouette,
29%
sins,
29%
students
29%
Teachers
29%
topple,
29%
tutored
29%
twenty
29%
war
29%
Where's
29%
worshippers
29%
yelling
29%
APESHIT,
21%
contemplating
21%
Cube
21%
intellect,
21%
Righteous
21%
scrubs
21%
scruples
21%
studied
21%
Ayatollah
14%
bone
14%
Dot
14%
(Huh?)
14%
JonBenét
14%
Khomeini
14%
(Woo)
14%
squads
7%
(Uh)
7%
Nickle-plated,
0%
(Yah)
0%
No matching quizzes found
Score Distribution
Percent of People with Each Score
Percentile by Number Answered
Your Score History
You have not taken this quiz